GMPLS technologies: broadband backbone networks and systems (Record no. 8260)
[ view plain ]
| 000 -LEADER | |
|---|---|
| fixed length control field | 00948 a2200253 4500 |
| 020 ## - INTERNATIONAL STANDARD BOOK NUMBER | |
| International Standard Book Number | 0824727819 |
| 040 ## - CATALOGING SOURCE | |
| Original cataloging agency | DLC |
| Language of cataloging | DLC |
| 082 00 - DEWEY DECIMAL CLASSIFICATION NUMBER | |
| Classification number | 621.382/16 |
| 100 1# - MAIN ENTRY--PERSONAL NAME | |
| Personal name | Yamanaka, Naoaki. |
| 245 10 - TITLE STATEMENT | |
| Title | GMPLS technologies: broadband backbone networks and systems |
| Remainder of title | broadband backbone networks and systems |
| Statement of responsibility, etc. | Naoaki Yamanaka, Kohei Shiomoto, Eiji Oki. |
| 260 ## - PUBLICATION, DISTRIBUTION, ETC. | |
| Place of publication, distribution, etc. | Boca Raton : |
| Name of publisher, distributor, etc. | Taylor & Francis, |
| Date of publication, distribution, etc. | 2006. |
| 300 ## - PHYSICAL DESCRIPTION | |
| Extent | 340 p. : |
| Other physical details | ill. ; |
| Dimensions | 23 cm. |
| 490 1# - SERIES STATEMENT | |
| Series statement | Optical engineering ; |
| Volume/sequential designation | 86 |
| 650 #0 - SUBJECT ADDED ENTRY--TOPICAL TERM | |
| Topical term or geographic name entry element | Internet. |
| 650 #0 - SUBJECT ADDED ENTRY--TOPICAL TERM | |
| Topical term or geographic name entry element | Computer networks |
| General subdivision | Management. |
| 650 #0 - SUBJECT ADDED ENTRY--TOPICAL TERM | |
| Topical term or geographic name entry element | Telecommunication |
| General subdivision | Traffic |
| -- | Management. |
| 650 #0 - SUBJECT ADDED ENTRY--TOPICAL TERM | |
| Topical term or geographic name entry element | Packet switching (Data transmission) |
| 650 #0 - SUBJECT ADDED ENTRY--TOPICAL TERM | |
| Topical term or geographic name entry element | MPLS standard. |
| 700 1# - ADDED ENTRY--PERSONAL NAME | |
| Personal name | Shiomoto, Kohei. |
| 700 1# - ADDED ENTRY--PERSONAL NAME | |
| Personal name | Oki, Eiji, |
| Dates associated with a name | 1969- |
| 830 #0 - SERIES ADDED ENTRY--UNIFORM TITLE | |
| Uniform title | Optical engineering (Marcel Dekker, Inc.) ; |
| 856 42 - ELECTRONIC LOCATION AND ACCESS | |
| Materials specified | Publisher description |
| Uniform Resource Identifier | <a href="http://www.loc.gov/catdir/enhancements/fy0648/2005041375-d.html">http://www.loc.gov/catdir/enhancements/fy0648/2005041375-d.html</a> |
| 942 ## - ADDED ENTRY ELEMENTS (KOHA) | |
| Koha item type | Book |
| Call number prefix | 621.38216 YAM |
| Source of classification or shelving scheme | |
| Withdrawn status | Lost status | Damaged status | Not for loan | Collection code | Permanent Location | Current Location | Shelving location | Date acquired | Source of acquisition | Cost, normal purchase price | Total Checkouts | Full call number | Barcode | Date last seen | Date last checked out | Price effective from | Koha item type |
|---|---|---|---|---|---|---|---|---|---|---|---|---|---|---|---|---|---|
| Central Library (CL) | Central Library (CL) | General Stacks | 11/08/2005 | Academic Book company | 6639.61 | 1 | 621.38216 YAM | SEECS006650 | 05/08/2019 | 03/22/2019 | 01/05/2017 | Book | |||||
| Central Library (CL) | Central Library (CL) | General Stacks | 03/08/2006 | Academic Book Company | 6366.74 | 621.38216 YAM | SEECS007072 | 11/14/2012 | 01/05/2017 | Book |
